Normal view MARC view

Entry Personal Name

Number of records used in: 1

001 - CONTROL NUMBER

  • control field: 163249

003 - CONTROL NUMBER IDENTIFIER

  • control field: OSt

005 - DATE AND TIME OF LATEST TRANSACTION

  • control field: 20220923214147.0

008 - FIXED-LENGTH DATA ELEMENTS

  • fixed length control field: 220923|| aca||aabn | a|a d

040 ## - CATALOGING SOURCE

  • Original cataloging agency: OSt
  • Transcribing agency: OSt

100 ## - HEADING--PERSONAL NAME

  • Personal name: आडकर, श0 के0

670 ## - SOURCE DATA FOUND

  • Source citation: Work cat.: (OSt)321940: आडकर, श0 के0, हिन्दी निगुर्ण काव्य का प्रारम्भ और नामदेव की हिन्दी कविता, 1978
Copyright @ Delhi University Library System